Prc̀tico Segunda Oportunidad

Detalles Bibliográficos
Formato: eBook
Lenguaje:español
Materias:
Acceso en línea:Acceso restringido

MARC

LEADER 00000nam a22000007a 4500
005 20201217232854.0
007 cr|||| ||||
008 201217s2020 es |||||s|||| 00||0 spa d
035 |a 32439 
040 |a vLex 
090 |c 10973  |d 10973 
245 0 0 |a Prc̀tico Segunda Oportunidad  |h [Recurso electrn̤ico] / 
256 |a Servicio en ln̕ea 
300 |a 1 recurso electrn̤ico 
500 |a La obra “Prc̀tico Segunda Oportunidad” es la segunda edicin̤ del libro <a href='#/sources/22660' target='_blank'>La segunda oportunidad de las personas fs̕icas: su aplicacin̤ prc̀tica</a>, dirigido por el Profesor agregado de Derecho Procesal (en la obra acreditado como Catedrt̀ico de la URV y Magistrado suplente Federico Adǹ) y realizado por profesionales expertos en la materia. Este Prc̀tico da respuesta a los problemas procesales y sustantivos que han surgido durante la aplicacin̤ de la <a href='#/vid/579269282' target='_blank'>Ley de Segunda Oportunidad</a>, y frente a los que han tenido que lidiar los diferentes operadores jurd̕icos. Asimismo, la obra contempla las novedades introducidas por el <a href='#/vid/844417914' target='_blank'>Texto Refundido de la Ley Concursal</a>. Se trata de una obra imprescindible para todos los profesionales del derecho que busquen solucin̤ y respuesta a los problemas prc̀ticos derivados de la tramitacin̤ de la segunda oportunidad. AUTORES <strong>Federico Adǹ</strong>. Director de la obra. Profesor Agregado, acreditado como Catedrt̀ico URV y Magistrado suplente de la Audiencia Provincial de Tarragona. <strong>Mart ̕Batllori</strong>. Abogado y Presidente Seccin̤ Segunda oportunidad ICAB. <strong>Joan Corominas Vidal</strong>. Abogado. Mediador concursal y Administrador concursal. <strong>Tatiana Cucurull Poblet</strong>. Abogada. Profesora Derecho Civil UOC. <strong>Jos ̌Mara̕ Fernǹdez Seijo</strong>. Magistrado de la Audiencia Provincial de Barcelona. <strong>Manuel Galǹ</strong>. Magistrado de la Audiencia Provincial de Tarragona. <strong>Octavio Gracia</strong>. Abogado ICAB. <strong>Juan Holgado</strong>. Letrado de la Administracin̤ de Justicia del Juzgado Mercantil de Tarragona. <strong>Borja Pardo</strong>. Abogado ICAB. Mediador concursal. Administrador concursal. <strong>Yvonne Pavia</strong>. Abogada ICAB. <strong>Carlos Puigcerver</strong>. Magistrado. Inspector delegado. Servicio inspeccin̤ CGPJ. <strong>Francesc-Xavier Rafi</strong>. Letrado de la Administracin̤ de Justicia del Juzgado Mercantil nð 9 de Barcelona. <strong>Manuel Ruiz de Lara</strong>. Magistrado del Juzgado Mercantil nð 11 de Madrid. <strong>Jess︢ Sǹchez</strong>. Presidente de la Comisin̤ Normativa del Ilustre del Colegio de la Abogaca̕ de Barcelona y Abogado ICAB. <strong>ℓlvaro Sendra</strong>. Abogado ICAV. <strong>Cesar Sur̀ez</strong>. Magistrado del Juzgado Mercantil de Tarragona. <strong>Blanca Torrubia</strong>. Profesora Agregada de Derecho Mercantil UOC. <strong>Cristina Vallejo</strong>. Abogada ICAB. 
506 1 |a Disponible solo en los productos indicados  |d vLex Global  |d vLex Global (Academic Edition, excluding Law Schools)  |d vLex Global (U.S. Academic Edition, Law Schools)  |d vLex Global (U.S. Academic Edition, excluding Law Schools)  |d vLex Global (Academic Edition, Law Schools) 
650 0 4 |a Derecho Mercantil y de la Empresa  |z Espaą 
740 0 |a Prc̀ticos vLex (Servicio en ln̕ea) 
856 4 0 |u http://vlex.com/source/practico-segunda-oportunidad-32439  |z Acceso restringido 
942 |c BOOK 
999 0 |a Commercial and Company Law